000 00418nam a22001697a 4500
003 OSt
005 20210826105503.0
008 210826b |||||||| |||| 00| 0 eng d
020 _a81-203-1124-8
040 _chu
082 _a519.520723
100 _aParimal Mukhopabhyay
_9417
245 _aTHEORY and METHODS of SURVEY SAMPLING
260 _aNEW DELHI
_bPrentice Hall
_c2005
300 _a483
942 _2ddc
_cBOOKS
_n0
999 _c503
_d503